01595nam a2200397Ia 4500001001200000003000800012006001900020007001500039008004100054010001700095020001800112020001800130040002100148035002100169043001200190050002400202082001600226245017700242260005800419300002400477440004800501504005100549533015200600650003700752650003400789650005400823650003300877655002900910700002200939700003300961700002000994700002301014710001701037856012601054999001701180ebr10622887CaPaEBRm u cr cn|||||||||100212s2009 caua sb 001 0 eng d z 2010003696 z9780817911249 z9780817911232 aCaPaEBRcCaPaEBR a(OCoLC)742583721 an-us---14aHB3722b.E53 2009eb04a338.4/822200aEnding government bailouts as we know themh[electronic resource] /cedited by Kenneth E. Scott, George P. Shultz, John B. Taylor ; authors, Nicholas F. Brady ... [et al.]. aStanford, Calif. :bHoover Institution Press,cc2009. axiv, 338 p. :bill. 0aHoover Institution Press publication ;v588 aIncludes bibliographical references and index. aElectronic reproduction.bPalo Alto, Calif. :cebrary,d2011.nAvailable via World Wide Web.nAccess may be limited to ebrary affiliated libraries. 0aFinancial criseszUnited States. 0aBank failureszUnited States. 0aIntervention (Federal government)zUnited States. 0aBailouts (Government policy) 7aElectronic books.2local1 aScott, Kenneth E.1 aShultz, George Pratt,d1920-1 aTaylor, John B.1 aBrady, Nicholas F.2 aebrary, Inc.40uhttp://site.ebrary.com/lib/rucke/Doc?id=10622887zAn electronic book accessible through the World Wide Web; click to view c56331d56331